000 01554 am a2200325 a 4500
001 60482
003 BD-RjUL
005 20211209080841.0
008 170101s1996 bg b s o000 0 eng d
020 _a9845082459
_c: Tk. 400.00
035 _a(BD-RjUL)60606
035 _a(OCoLC)ocm27450619
035 _a(NNC)1450898
040 _aDLC
_cDLC
_dDLC
_dBD-RjUL
_beng
041 0 _aengben
082 _223
_a304.6095492021
_bSHA 1996 (CS)
110 _aBangladesh Bureau Of Statistics.
_9179266
245 1 0 _aBangladesh population census, 1991= বাংলাদেশ আদমশুমারী, ১৯৯১ :
_bCommunity series, Zila: Shariatpur = কমিউনিটি সিরিজ, জেলা: শরিয়তপুর /
_cBangladesh Bureau Of Statistics.
246 _aবাংলাদেশ আদমশুমারী, ১৯৯১ :
_bকমিউনিটি সিরিজ, জেলা: শরিয়তপুর
260 _aDhaka :
_bBBS,
_c1996
300 _axiv, 158 p. :
_bill. ;
_c28 cm.
490 _aCommunity series, Zila: Shariatpur
490 _aকমিউনিটি সিরিজ, জেলা: শরিয়তপুর
500 _aPrefatory matter in Bengali and English.
651 0 _aBangladesh
_zShariatpur
_xCensus, 1991.
_9180013
651 0 _aBangladesh
_zShariatpur
_xPopulation
_vStatistics.
_9180014
830 _aCommunity series, Zila: Shariatpur
_9180015
830 _aকমিউনিটি সিরিজ, জেলা: শরিয়তপুর
_9181484
942 _2ddc
_cRAR
999 _c60482
_d60482